00325 2200133 4500001002100000005001500021035002000036245005500056100002300111300001200134260002500146082000800171990001200179INLIS00000000000224420250527021314 a0010-05250005361 aBerbalas Pantun Remaja /cDarwun S. Chaniago, S.Pd0 aDarwun S. Chaniago a125 hlm bPustaka Setia,c2003 a813 a0712709